Responses for Show #4815 - Friday, July 8, 2005

David Madden game 4.

Contestants

[<< previous game]

Matt Barakat, a reporter from Falls Church, Virginia

Kate Morrical, a structural engineer from Silver Spring, Maryland

David Madden, a student originally from Ridgewood, New Jersey (whose 3-day cash winnings total $69,400)

[next game >>]

Jeopardy! Round responses

DEATH OF A PRESIDENT
BONDS
THE FIRST WORD
HENRY
THE EIGHTH
I NEED A NEW "QUEEN"
    $200 4
Thomas Jefferson

David
    $200 24
municipal bonds

Matt
    $200 7
(Alex: [*] the people.)

We

David
    $200 17
Henry Fonda

David
    $200 30
an eighth note

Matt
    $200 23
Dairy Queen

Kate
    $400 11
John Adams

Kate
    $400 25
schools

Matt
    $400 12
(Alex: [*] me Ishmael.)

Call

Matt
    $400 18
Laugh-In

Matt
    $400 29
the Triple Crown

Kate
    $400 22
Ellery Queen

David
    $600 3
William Henry Harrison

Matt
    $600 26
Yankee bonds

Matt
    $600 13
(Matt: What is Scrooge?)
...
(Alex: [*] was dead, to begin with.)

Marley

Matt
Triple Stumper
    $600 19
(Matt: Who is Catherine of Aragon?)
...
(Alex: Yes, Catherine was his first.)

Jane Seymour

DavidMatt
    $600 10
Ruth

Matt
    $600 21
"God Save The Queen"

David
    $800 1
(William) Taft

David
    $800 27
war bonds

Matt
    $800 14
(Alex: [*] was a dark and stormy night.)

It

David
    $800 16
Mancini

David
    $800 8
crusades

David
    $800 5
(David: What's the Brooklyn Bridge?)
(Matt: What is the Queens Bridge?)
...
(Alex: Rembember, "queen" must come up in the correct response.)

the Queensboro Bridge

DavidMatt
Triple Stumper
    $1000 2
(Woodrow) Wilson

David
    $1000 28
(John) Moody

David
    $1000 15
(Alex: [*] I compare thee to a summer's day?)

Shall

David
    $1000 20
The Last Emperor

David
    $1000 9
cruel & unusual

David
    $1000 6
Queen of the Damned

Kate

Scores at the first commercial break (after clue 15):

David Kate Matt
$5,000 $1,400 $200

Scores at the end of the Jeopardy! Round:

David Kate Matt
$9,600 $2,000 $2,200

Double Jeopardy! Round responses

LITERARY VENICE
MOVIE TITLE PAIRS
CAPITAL IDEAS
MAKING THE CUT
SCIENCE GUYS
"V" IS FOR...
    $400 28
(David: Who is Casanova?)

Lord Byron

David
Triple Stumper
    $400 17
Turner and Hooch

Matt
    $400 15
Brasilia

David
    $400 30
T-bone

Kate
    $400 1
(Kate: Who is Kepler?)

Copernicus

DavidKate
    $400 4
vessel

Kate
    $800 16
The Merchant of Venice

Matt
    $800 18
Pat Garrett and Billy the Kid

Triple Stumper
    $800 10
Belmopan

David
    $800 29
prime rib

David
    $800 23
Pasteur

David
    $800 5
Victorian

Kate
    $1200 13
Robert Browning

David
    $1200 19
Tango and Cash

Triple Stumper
    $1200 9
(Matt: Who is Corborsier?)
(Alex: ...You know, ...I'm gonna give it to you. It's [*], and your pronunciation was a little off, but that's okay. You got it in there.)

Le Corbusier

Matt
    $100 27
(David: I don't know.)

porterhouse

David
    $1200 24
Darwin

David
    $1200 6
vinyl

Matt
    $1600 11
Thomas Mann

David
    $1600 20
(Alex: A little before your time. [*]. Matt?)
(Matt: $2,000.)
(Alex: Might as well finish it off.)

Pat and Mike

Triple Stumper
    $1600 3
L'Enfant

Matt
    $1600 22
(Matt: What is the quadricep?)

the round

Matt
Triple Stumper
    $1,400 14
(Enrico) Fermi

David
    $1600 7
(Alex: [*]. Correctamente.)

"Volare"

Matt
    $2000 12
Henry James

Triple Stumper
    $2000 21
(Alex: All right. We're going somewhere else. Thankfully.)
(Matt: That's right.)

Thunderbolt and Lightfoot

Triple Stumper
    $2000 2
Islamabad

David
    $2000 26
(Kate: What is the sirloin?)
(Matt: What is ...filet mignon?)
...
(Alex: What is [*]? It means "between the ribs.")

entrecĂ´te

KateMatt
Triple Stumper
    $2000 25
Michael Faraday

Triple Stumper
    $2000 8
viceroy

David

Scores at the end of the Double Jeopardy! Round:

David Kate Matt
$21,700 $1,200 $5,400
(lock game)

[wagering suggestions for these scores]

Final Jeopardy! Round responses

OLYMPIC ATHLETES
(Alex: Kate, kind of tough for you. You don't remember 1960 too well.)
...
(Alex: If they called her
"La Gazzella", she must have been fast, right?)
...
(Alex: Who is [*]? Won a gold medal in the 100 and 200.)
KateWho is ?
$1,200
MattWho is ?
$2,600
DavidWho is Wilma Rudolph?
$3,300
Wilma Rudolph

Final scores:

David Kate Matt
$25,000 $0 $2,800
4-day champion: $94,400 3rd place: $1,000 2nd place: $2,000

Game dynamics:

Coryat scores:

David Kate Matt
$22,000 $1,200 $5,400
26 R
(including 2 DDs),
3 W
(including 1 DD)
7 R,
2 W
15 R,
5 W

Combined Coryat: $28,600

[game clues] [game scores] [suggest correction]

Game tape date: 2004-12-14
The J! Archive is created by fans, for fans. Scraping, republication, monetization, and malicious use prohibited; this site may use cookies and collect identifying information. See terms. The Jeopardy! game show and all elements thereof, including but not limited to copyright and trademark thereto, are the property of Jeopardy Productions, Inc. and are protected under law. This website is not affiliated with, sponsored by, or operated by Jeopardy Productions, Inc. Join the discussion at JBoard.tv.